00874nam a2200253I 450000100060000000300080000600500170001400800410003103500190007204000270009104100080011808200210012624500690014726000350021630000340025149000700028550000890035550400390044465000130048365000210049683000100051770000290052783000640055634129BD-RjUL20211209052118.0140514 1965 ne a 1 eng u a(BD-RjUL)34223 cAKRdBOSaBD-RjULbeng aeng a306.83bKIN 196510aKinship and geographical mobility /cEdited by Ralph Piddington. aLeiden :bE. J. Brill,cc1965. axiv, 184 p. :c25 cm.bill. ;1 aInternational studies in sociology and social anthropologyvv. 3. a"Reprinted from: International journal of comparative sociology, v. 6, no. 1, 1965." aIncludes bibliographies and index. 0aKinship. 0aHuman geography. 0vv. 3.1 aPiddington, Ralph. [ed.] 0aInternational studies in sociology and social anthropology,